Bibliately (Record no. 2916)

000 -LEADER
fixed length control field 00308nam a22000977a 4500
008 - FIXED-LENGTH DATA ELEMENTS--GENERAL INFORMATION
fixed length control field 181231b ||||| |||| 00| 0 eng d
100 ## - MAIN ENTRY--AUTHOR'S NAME
Author's Name Rostenberg, Leona
245 ## - TITLE STATEMENT
Title Bibliately
260 ## - PUBLICATION, DISTRIBUTION, ETC. (IMPRINT)
Name of publisher, distributor, etc. The American Philatelic Society
Date of publication, distribution, etc. 1978
650 ## - TOPICAL TERM (Tag)
Topical term or geographic name Topical Collecting -- Books | Printing | Topical Collecting -- History
Holdings
Withdrawn status Lost status Source of classification or shelving scheme Damaged status Koha normalized classification for sorting Not for loan Collection code Permanent Location Current Location Shelving location Date acquired Total Checkouts Total Holds Full call number Barcode Date last seen Copy number Price effective from
        G3201 T674 R839     Northern Philatelic Library Northern Philatelic Library General Stacks 12/31/2018     G3201 T674 R839 1005314 12/31/2018 1 12/31/2018

Powered by Koha